Questions aléatoires de géographie - 4 - Statistiques

Statistiques générales
  • Ce quiz a été pris 119 fois
  • Le résultat moyen est 7 sur 15
Statistiques - réponses
Indices Réponses % Correct
Quel massif européen porte le nom d'une forêt ou d'une pâtisserie ? la Forêt-Noire
70%
Quel animal est présent sur le drapeau du Bhoutan ? un dragon
68%
De quel langue provient ce mot : 한국인 ? du coréen
67%
Quelle ville indienne est connue pour être le siège de Bollywood ? Bombay
65%
Quel cour d'eau sépare Israël de la Jordanie ? le Jourdain
62%
Quel Etat américain est connu pour son grand canyon ? l Arizona
60%
Quel pays possède le même drapeau que celui du Tchad ? la Roumanie
56%
Quel détroit de Patagonie sépare les océans Pacifique et Atlantique ? le détroit de Magellan
47%
Quel peuple africain vit principalement le long de l'équateur, notamment au Gabon et au Cameroun, est connu pour sa petite taille ? le peuple Pygmée
45%
Quel pays breton porte le nom d'un ancien royaume espagnol, ou le prénom d'un champion de natation français ? le Léon
38%
Quelle région italienne a été dirigé par des normands ? la Sicile
29%
Quel lac d'eau salée est connu pour avoir perdu 90% de sa surface en soixante ans ? la mer d Aral
28%
De quel pays serait originaire le café ? l Ethiopie
13%
Quel est le nom du massif montagneux scandinave ? les Alpes scandinaves
12%
Quel est le nom du massif montagneux australien qui recouvre la partie méridionale de la cordillère australienne ? les Alpes australiennes
3%
Aucun quiz correspondant
Distribution des résultats
% des personnes avec chaque résultat
Percentile par nombre de réponses
Votre historique - résultats
Vous n’avez pas pris ce quiz